Normal view
MARC view
Entry Topical Term
001 - CONTROL NUMBER
- control field: 31691
003 - CONTROL NUMBER IDENTIFIER
- control field: ARRUPE
005 - DATE AND TIME OF LATEST TRANSACTION
- control field: 20170530122537.0
008 - FIXED-LENGTH DATA ELEMENTS
- fixed length control field: 170530|| aca||aabn | a|a d
040 ## - CATALOGING SOURCE
- Original cataloging agency: ARRUPE
- Transcribing agency: ARRUPE
150 ## - HEADING--TOPICAL TERM
- Topical term or geographic name as entry element: Apartheid
- Geographic subdivision: South Africa
- Geographic subdivision: Umtata.
670 ## - SOURCE DATA FOUND
- Source citation: Work cat.: (ARRUPE)66100: Johnson, Walton R. 31689, Dismantling apartheid :, 1994.